LEADER 01708nam 2200421 a 450 001 9910695346103321 005 20061012153533.0 035 $a(CKB)5470000002369290 035 $a(OCoLC)72707052 035 $a(EXLCZ)995470000002369290 100 $a20061012d2006 ua 0 101 0 $aeng 135 $aurmn|---||||| 181 $ctxt$2rdacontent 182 $cc$2rdamedia 183 $acr$2rdacarrier 200 10$aMedicare Part B drugs$b[electronic resource] $eCMS data source for setting payments is practical but concerns remain : testimony before the Subcommittee on Health, Committee on Ways and Means, House of Representatives /$fstatement of A. Bruce Steinwald 210 1$a[Washington, D.C.] :$cU.S. Government Accountability Office,$d[2006] 215 $a9 pages $cdigital, PDF file 225 1 $aTestimony ;$vGAO-06-971 T 300 $aTitle from title screen (viewed on Oct. 11, 2006). 300 $a"For release ... July 13, 2006." 300 $aPaper version available from: U.S. Government Accountability Office, 441 G St., NW, Rm. LM, Washington, D.C. 20548. 320 $aIncludes bibliographical references. 517 $aMedicare Part B drugs 606 $aMedicare$xEconomic aspects 606 $aDrugs$xPrices$zUnited States 615 0$aMedicare$xEconomic aspects. 615 0$aDrugs$xPrices 700 $aSteinwald$b Bruce$01381591 712 02$aUnited States.$bCongress.$bHouse.$bCommittee on Ways and Means.$bSubcommittee on Health. 712 02$aUnited States.$bGovernment Accountability Office. 801 0$bGPO 801 1$bGPO 906 $aBOOK 912 $a9910695346103321 996 $aMedicare Part B drugs$93424343 997 $aUNINA LEADER 04494oam 2200961M 450 001 9910716447703321 005 20200213070510.5 035 $a(CKB)5470000002521669 035 $a(OCoLC)1065782029 035 $a(OCoLC)995470000002521669 035 $a(EXLCZ)995470000002521669 100 $a20071213d1927 ua 0 101 0 $aeng 135 $aurcn||||||||| 181 $ctxt$2rdacontent 182 $cc$2rdamedia 183 $acr$2rdacarrier 200 10$aExperimental bacterial and chemical pollution of wells via ground water, and the factors involved, by C.W. Stiles, H.R. Crohurst, and Gordon E. Thomson. Report on the geology and ground water hydrology of the experimental area of the United States Public Health Service at Fort Caswell, N.C. by Norah Dowell Stearns. [U.S. Hygienic Laboratory Bulletin No. 147. June 1927.] 210 1$a[Washington, D.C.] :$c[U.S. Government Printing Office],$d1927. 215 $a1 online resource (177 pages) $cillustrations, tables 225 1 $aHouse document / 69th Congress, 2nd session. House ;$vno. 597 225 1 $a[United States congressional serial set] ;$v[serial no. 8746] 300 $aTable of contents, p. V. 300 $aGeneral discussion and summary of results, by C.W. Stiles, p. 4. 300 $aExperimental spread of pollution in ground water in sand at Fort Caswell, N.C., by C.W. Stiles, H.R. Crohurst, and G.E. Thomson, p. 14. 300 $aRecovery of experimental Bacillus coli from the soil, by C.W. Stiles, and G.E. Thomson, p. 81. 300 $aUranin test to demonstrate pollution of wells, by C.W. Stiles, H.R. Crohurst, and G.E. Thomson, p. 84. 300 $aVarious factors of environment tending to decrease the amount of pollution in polluted ground water, by C.W. Stiles and H.R. Crohurst, p. 88. 300 $aLocation of pits, etc., in reference to water supply as influenced by ground water pollution, by C.W. Stiles and H.R. Crohurst, p. 91. 300 $aInterrelation of rainfall and ground water at Fort Caswell, by G.E. Thomson, p. 98. 300 $aTypes of experimental wells devised for the Fort Caswell ground water experiments, by Harry R. Crohurst, p. 119. 300 $aExperimental distribution of Bacillus coli in the soil under and near pits, by C.W. Stiles and C.L. Pfau, p. 122. 300 $aBacteriological technique used at Fort Caswell, N.C., by G.E. Thomson, p. 135. 300 $aReport on the geology and ground water hydrology of the experimental area of the United States Public Health Service at Fort Caswell, N.C., by Norah Dowell Stearns, p. 137. 300 $aBatch processed record: Metadata reviewed, not verified. Some fields updated by batch processes. 300 $aFDLP item number not assigned. 606 $aBacteria 606 $aGeology 606 $aGroundwater 606 $aAquifers 606 $aHydrology 606 $aMilitary bases 606 $aPollution 606 $aPrecipitation (Meteorology) 606 $aRain and rainfall 606 $aSand 606 $aSoils 606 $aWater 606 $aWater-supply 606 $aWater$xPollution 606 $aWells 606 $aResearch 608 $aLegislative materials.$2lcgft 615 0$aBacteria. 615 0$aGeology. 615 0$aGroundwater. 615 0$aAquifers. 615 0$aHydrology. 615 0$aMilitary bases. 615 0$aPollution. 615 0$aPrecipitation (Meteorology) 615 0$aRain and rainfall. 615 0$aSand. 615 0$aSoils. 615 0$aWater. 615 0$aWater-supply. 615 0$aWater$xPollution. 615 0$aWells. 615 0$aResearch. 701 $aCrohurst$b H. R$g(Harry Rounseville),$f1884-$01394383 701 $aPfau$b C. L$01394384 701 $aStearns$b Norah Dowell$01394385 701 $aStiles$b Charles Wardell$01391062 701 $aThomson$b Gordon E$01394386 712 02$aUnited States.$bHygienic Laboratory (1891-1930) 801 0$bWYU 801 1$bWYU 801 2$bOCLCO 801 2$bOCLCQ 906 $aBOOK 912 $a9910716447703321 996 $aExperimental bacterial and chemical pollution of wells via ground water, and the factors involved, by C.W. Stiles, H.R. Crohurst, and Gordon E. Thomson. Report on the geology and ground water hydrology of the experimental area of the United States Public Health Service at Fort Caswell, N.C. by Norah Dowell Stearns.$93451664 997 $aUNINA